European Capital Cities by River - Statistics

General Stats
  • This quiz has been taken 24 times
  • The average score is 18 of 40
Answer Stats
Hint Answer % Correct
Thames London
95%
Tiber Rome
95%
Danube Belgrade
82%
Danube Budapest
82%
Moskva Moscow
82%
Seine Paris
82%
Danube Vienna
82%
Dnieper Kiev
77%
Ljubljanica Ljubljana
77%
Vistula Warsaw
73%
Amstel Amsterdam
68%
Danube Bratislava
68%
Liffey Dublin
68%
Tagus Lisbon
68%
Vltava Prague
64%
Rhine Vaduz
59%
Spree Berlin
55%
Manzanares Madrid
45%
Vilnia Vilnius
45%
Sava Zagreb
45%
Nyhavn Copenhagen
41%
Vantaa Helsinki
41%
Aare Bern
36%
Alzette Luxembourg City
32%
Zenne Brussels
23%
Daugava Riga
23%
Miljacka Sarajevo
23%
Ilisos Athens
18%
Svislac Minsk
18%
Lake Malaren* Stockholm
18%
Gran Valira Andorra la Vella
14%
Pirita Tallinn
14%
Lana Tirana
14%
Dambovita Bucharest
9%
Ellioaar Reykjavik
9%
Vardar Skopje
9%
Alna Oslo
5%
Bac Chisinau
0%
Moraca Podgorica
0%
Iskar Sofia
0%
No matching quizzes found
Score Distribution
Percent of People with Each Score
Percentile by Number Answered
Your Score History
You have not taken this quiz